[Event "GER-chT Christmas U16 Lasker"]
[Site "Playchess.com INT"]
[Date "2020.12.28"]
[Round "5.3"]
[White "Aumueller, Naum"]
[Black "Bolz, Jannis"]
[Result "1-0"]
[WhiteElo "1622"]
[BlackElo "1636"]
[PlyCount "107"]
[EventDate "2020.12.28"]
[EventType "team-swiss (blitz)"]
[EventRounds "7"]
[EventCountry "GER"]
[SourceTitle "CBM 200 Extra"]
[Source "ChessBase"]
[SourceDate "2021.03.31"]
[SourceVersion "1"]
[SourceVersionDate "2021.03.31"]
[SourceQuality "1"]
[WhiteTeam "Regensburg Bavaria"]
[BlackTeam "Koeln Porz"]
[WhiteTeamCountry "GER"]
[BlackTeamCountry "GER"]

1. e4 e5 2. Nf3 Nc6 3. Bc4 Bc5 4. c3 Nf6 5. d3 0-0 6. 0-0 a6 7. Re1 d6 8. Nbd2 Ba7 9. Nf1 Ne7 10. Ng3 Ng6 11. a4 Be6 12. Bb3 Ng4 13. Be3 c6 14. h3 Nf6 15. Bxa7 Rxa7 16. d4 Ra8 17. Bc2 Qe7 18. Qd2 Rad8 19. Rad1 c5 20. d5 Bd7 21. Ne2 Nh5 22. Nh2 Nhf4 23. Nxf4 Nxf4 24. Qe3 Qf6 25. Ng4 Qg6 26. Qg3 f5 27. exf5 Bxf5 28. Bxf5 Qxf5 29. Ne3 Qf7 30. Rd2 Rd7 31. Qg4 Re7 32. Nc4 Qf6 33. g3 h5 34. Qh4 Ng6 35. Qxf6 Rxf6 36. h4 Ref7 37. Rde2 Ne7 38. Rd1 Nf5 39. Nd2 Kh7 40. Ne4 Rg6 41. Ng5+ Kg8 42. Nxf7 Kxf7 43. Rd3 Ne7 44. b4 cxb4 45. cxb4 b5 46. axb5 axb5 47. Ra2 Rf6 48. Ra5 Rf5 49. Rxb5 e4 50. Rd2 g6 51. Rb7 Kf6 52. Rd7 Nxd5 53. Rxd6+ Ke5 54. R2xd5# 1-0

[Event "GER Cup Net V2 U2000"]
[Site "Playchess.com INT"]
[Date "2020.05.22"]
[Round "2"]
[White "Bolz, Jannis"]
[Black "Berg, Juergen"]
[Result "0-1"]
[WhiteElo "1800"]
[BlackElo "1646"]
[PlyCount "50"]
[EventDate "2020.05.22"]
[EventType "swiss (blitz)"]
[EventRounds "9"]
[EventCountry "GER"]
[SourceTitle "EXT 2021"]
[Source "ChessBase"]
[SourceDate "2020.10.23"]
[SourceVersion "1"]
[SourceVersionDate "2020.10.23"]
[SourceQuality "1"]

1. e4 e6 2. d4 d5 3. e5 c5 4. c3 Nc6 5. Nf3 Nh6 6. Bxh6 gxh6 7. Bd3 Bg7 8. 0-0 f6 9. Qe2 0-0 10. Qc2 cxd4 11. cxd4 fxe5 12. Bxh7+ Kh8 13. dxe5 Rxf3 14. gxf3 Bxe5 15. Qg6 Bxb2 16. Qxh6 Qf6 17. Bg6+ Kg8 18. Bh7+ Kf7 19. Qh5+ Ke7 20. Bg6 Bxa1 21. Qh7+ Qg7 22. Qh4+ Bf6 23. Qg4 Ne5 24. Qb4+ Kd8 25. Qd6+ Bd7 0-1

[Event "GER Cup Net V2 U2000"]
[Site "Playchess.com INT"]
[Date "2020.05.22"]
[Round "9"]
[White "Bolz, Jannis"]
[Black "Wall, Viktor"]
[Result "0-1"]
[WhiteElo "1700"]
[BlackElo "1528"]
[PlyCount "30"]
[EventDate "2020.05.22"]
[EventType "swiss (blitz)"]
[EventRounds "9"]
[EventCountry "GER"]
[SourceTitle "EXT 2021"]
[Source "ChessBase"]
[SourceDate "2020.10.23"]
[SourceVersion "1"]
[SourceVersionDate "2020.10.23"]
[SourceQuality "1"]

1. e4 e5 2. Nf3 Nc6 3. Bc4 Be7 4. c3 Nf6 5. d3 0-0 6. Bb3 d5 7. Qe2 dxe4 8. dxe4 Bg4 9. h3 Bh5 10. Nbd2 Bc5 11. Bc2 Qe7 12. Nf1 Rfd8 13. Ng3 Bg6 14. 0-0 Nh5 15. Re1 Nxg3 0-1

[Event "GER Cup Net V2 U2000"]
[Site "Playchess.com INT"]
[Date "2020.05.22"]
[Round "3"]
[White "Furchtbar, Uwe"]
[Black "Bolz, Jannis"]
[Result "1-0"]
[WhiteElo "1608"]
[BlackElo "1776"]
[PlyCount "59"]
[EventDate "2020.05.22"]
[EventType "swiss (blitz)"]
[EventRounds "9"]
[EventCountry "GER"]
[SourceTitle "EXT 2021"]
[Source "ChessBase"]
[SourceDate "2020.10.23"]
[SourceVersion "1"]
[SourceVersionDate "2020.10.23"]
[SourceQuality "1"]

1. e4 e5 2. Nf3 Nc6 3. Nc3 Nf6 4. d4 exd4 5. Nxd4 Bc5 6. Nxc6 bxc6 7. Bd3 0-0 8. 0-0 d5 9. Bg5 dxe4 10. Nxe4 Bd4 11. c3 Be5 12. Bxf6 Bxf6 13. Qc2 Bf5 14. Nxf6+ Qxf6 15. Bxf5 Rfe8 16. Rfe1 Re7 17. Bxh7+ Kh8 18. Rxe7 Qxe7 19. Qe4 Qd7 20. Qh4 Qd6 21. Bc2+ Kg8 22. Qh7+ Kf8 23. Qh8+ Ke7 24. Qxa8 Qd2 25. Bb3 Qxb2 26. Re1+ Kf6 27. Qxc6+ Kg5 28. Bxf7 Qd2 29. Qg6+ Kf4 30. Re4# 1-0

[Event "GER Cup Net V2 U2000"]
[Site "Playchess.com INT"]
[Date "2020.05.22"]
[Round "8"]
[White "Grosse, Manfred"]
[Black "Bolz, Jannis"]
[Result "1-0"]
[WhiteElo "1580"]
[BlackElo "1723"]
[PlyCount "29"]
[EventDate "2020.05.22"]
[EventType "swiss (blitz)"]
[EventRounds "9"]
[EventCountry "GER"]
[SourceTitle "EXT 2021"]
[Source "ChessBase"]
[SourceDate "2020.10.23"]
[SourceVersion "1"]
[SourceVersionDate "2020.10.23"]
[SourceQuality "1"]

1. e4 e5 2. d4 exd4 3. Qxd4 Nc6 4. Qe3 Bb4+ 5. Nc3 d6 6. Bd2 Be6 7. a3 Ba5 8. Qg3 Qf6 9. 0-0-0 Nge7 10. f4 0-0-0 11. Nf3 Bd7 12. Bc4 Ng6 13. Nd5 Bxd2+ 14. Rxd2 Qe6 15. Nb6+ 1-0

[Event "GER Cup Net V1 U2000"]
[Site "Playchess.com INT"]
[Date "2020.05.19"]
[Round "9"]
[White "Bolz, Jannis"]
[Black "Heutling, Elina"]
[Result "0-1"]
[WhiteElo "1813"]
[BlackElo "1624"]
[PlyCount "26"]
[EventDate "2020.05.19"]
[EventType "swiss (blitz)"]
[EventRounds "9"]
[EventCountry "GER"]
[SourceTitle "EXT 2021"]
[Source "ChessBase"]
[SourceDate "2020.10.23"]
[SourceVersion "1"]
[SourceVersionDate "2020.10.23"]
[SourceQuality "1"]

1. e4 e5 2. Nf3 Nc6 3. Bc4 Nf6 4. d3 d5 5. exd5 Nxd5 6. 0-0 Bg4 7. h3 Bh5 8. Nc3 Nb6 9. Bb5 Bd6 10. Be3 0-0 11. Bxc6 bxc6 12. Ne4 f5 13. Ng3 Bxf3 0-1

[Event "GER-ch U12"]
[Site "Willingen"]
[Date "2019.06.15"]
[Round "9"]
[White "Woltmann, Peter"]
[Black "Bolz, Jannis"]
[Result "0-1"]
[WhiteElo "1471"]
[BlackElo "1618"]
[PlyCount "120"]
[EventDate "2019.06.08"]
[EventType "swiss"]
[EventRounds "9"]
[EventCountry "GER"]
[SourceTitle "EXT 2020"]
[Source "ChessBase"]
[SourceDate "2019.10.17"]
[SourceVersion "1"]
[SourceVersionDate "2019.10.17"]
[SourceQuality "1"]

1. e4 e5 2. Nf3 Nc6 3. d4 exd4 4. Bc4 Nf6 5. e5 d5 6. Bb5 Ne4 7. Nxd4 Bd7 8. Bxc6 bxc6 9. 0-0 Bc5 10. Be3 Bb6 11. f3 Ng5 12. f4 Ne4 13. Nd2 Nxd2 14. Qxd2 c5 15. Nf3 d4 16. Bf2 Bc6 17. Bh4 Qc8 18. Rae1 0-0 19. Kh1 Bb5 20. Rf2 Bc6 21. Qd3 Qg4 22. Bg3 a6 23. Ng5 Qh5 24. Nh3 Qxh3 25. f5 Qh5 26. f6 Qg6 27. fxg7 Kxg7 28. Qd2 c4 29. Rf6 Qh5 30. Rxc6 Rae8 31. e6 Rxe6 32. Rcxe6 fxe6 33. Be5+ Kg8 34. Bxd4 Rd8 35. c3 e5 36. Qe3 exd4 37. Qe6+ Qf7 38. Qg4+ Qg6 39. Qh4 Rf8 40. cxd4 Qf6 41. Qg4+ Qg7 42. Qe6+ Qf7 43. Qg4+ Qg6 44. Qd7 Qf5 45. Qxf5 Rxf5 46. g3 Bxd4 47. Re4 Bxb2 48. Rxc4 Rf1+ 49. Kg2 Rc1 50. Ra4 Rc6 51. h4 Bc3 52. g4 a5 53. h5 Bb4 54. a3 Rc2+ 55. Kf3 Ra2 56. axb4 Rxa4 57. bxa5 Rxa5 58. Ke4 Kf7 59. Kf4 Kf6 60. Ke4 Kg5 0-1

[Event "GER-ch U10"]
[Site "Willingen"]
[Date "2017.06.09"]
[Round "10"]
[White "Bolz, Jannis"]
[Black "Willsch, Justin"]
[Result "1-0"]
[WhiteElo "1333"]
[BlackElo "1221"]
[PlyCount "93"]
[EventDate "2017.06.04"]
[EventType "swiss"]
[EventRounds "11"]
[EventCountry "GER"]
[SourceTitle "CBM 178 Extra"]
[Source "ChessBase"]
[SourceDate "2017.06.22"]
[SourceVersion "1"]
[SourceVersionDate "2017.06.22"]
[SourceQuality "1"]

1. e4 e6 2. d4 d5 3. exd5 exd5 4. Bd3 Bd6 5. Ne2 Ne7 6. Nbc3 c6 7. Bf4 Bf5 8. 0-0 0-0 9. Re1 Bxd3 10. Qxd3 Ng6 11. Bxd6 Qxd6 12. Ng3 Nd7 13. Qf5 Nf6 14. Nce2 Rfe8 15. Qd3 Qc7 16. Kh1 Rab8 17. Nf5 Ng4 18. Qg3 Qxg3 19. fxg3 Re6 20. Nf4 Rxe1+ 21. Rxe1 Nf2+ 22. Kg1 Ne4 23. c4 Nxf4 24. gxf4 g6 25. Ne7+ Kf8 26. cxd5 cxd5 27. Nxd5 Rd8 28. Nc3 Nf6 29. Ne2 Ne8 30. Rc1 Kg7 31. g3 Kf6 32. Kf2 Kf5 33. Kf3 h5 34. Rc5+ Kf6 35. h3 Ng7 36. Rc7 Rb8 37. d5 a6 38. d6 Ne8 39. Rc1 Nxd6 40. Nd4 Kg7 41. Rc3 Kf6 42. Rb3 Rc8 43. Ke2 Rc4 44. Kd3 Ke7 45. Rxb7+ Kf6 46. Rb6 Ke7 47. Rxd6 1-0

[Event "GER-ch U10"]
[Site "Willingen"]
[Date "2017.06.07"]
[Round "6"]
[White "Bolz, Jannis"]
[Black "Zielke, Ansgar"]
[Result "0-1"]
[WhiteElo "1333"]
[BlackElo "1450"]
[PlyCount "40"]
[EventDate "2017.06.04"]
[EventType "swiss"]
[EventRounds "11"]
[EventCountry "GER"]
[SourceTitle "CBM 178 Extra"]
[Source "ChessBase"]
[SourceDate "2017.06.22"]
[SourceVersion "1"]
[SourceVersionDate "2017.06.22"]
[SourceQuality "1"]

1. e4 c5 2. d4 cxd4 3. c3 d3 4. Bxd3 d6 5. c4 Nc6 6. Nf3 Bg4 7. h3 Bh5 8. Be2 Nf6 9. Nc3 e6 10. 0-0 Be7 11. Be3 0-0 12. Qd2 Rc8 13. Rfd1 Bxf3 14. Bxf3 Ne5 15. Be2 Nxc4 16. Bxc4 Rxc4 17. b3 Nxe4 18. Nxe4 Rxe4 19. Bf4 e5 20. f3 Rxf4 0-1